000 00961njm a2200301Ia 4500
001 21279
003 IT-RoPAU
005 20220918181138.0
008 131025s9999 xx 000 0 und d
040 _aIT-RoPAU
040 _cIT-RoPAU
041 _aINGLESE
999 _c101097
_d101097
999 _bn.d.
100 _aZappa Frank
_95531
100 _eAutore musica
_95532
100 _gCodice autore musica SPICS: 3375
_95533
245 _aGrand Wazoo (The)-Lp K 44209
250 _a1a ed.
260 _aUSA
260 _bWARNER BROS RECORDS
_c1972 [1a Ed.:1972 - Ed. Lingua Orig.: 1972]
300 _aDISCO
300 _c40 minuti (Testo: pag.)
500 _aMusica rock.
505 _aFor Calvin (And His Next Two Hitchhikers) - Grand Wazoo - Cletus Awreetus-Awrightus - Eat That Question - Blessed Relief
650 _aROCK [DISCHI]
_eCodice MATERIA SPICS: 9950
_91088
700 _aZappa Frank
_gCodice interprete SPICS: 3375
_eInterprete
_95534
942 _cMD
_2ddc